000 01242cam a2200325 a 4500
999 _c50499
_d50499
001 12233450
005 20240924120046.0
008 001116s2001 utua d 000 0 eng
010 _a 00191714
020 _a0964022176 X (cloth : alk. paper)
020 _a0964022168 X (paperback : alk. paper)
040 _aDLC
_cDLC
_dDLC
041 _aeng
050 0 0 _aQK9
_b.H37 2001
080 _a580 H-30
100 1 _aHarris, James G.,
_d1954-
_97301
245 1 0 _aPlant identification terminology :
_ban illustrated glossary /
_cJames G. Harris, Melinda Woolf Harris.
250 _a2nd ed.
264 _aSpring Lake, Utah :
_bSpring Lake Pub.,
_cc2001.
300 _ax, 206 p. :
_bill. ;
_c26 cm.
650 0 _aBotany
_vDictionaries.
_97302
650 0 _aBotany
_vTerminology.
_97303
650 0 _aPlants
_vIdentification.
_97304
653 _aმცენარეთა იდენტიფიკაციის ტერმინოლოგია
653 _aბოტანიკა
700 1 _aHarris, Melinda Woolf,
_d1953-
_97305
906 _a7
_bcbc
_corigcop
_d2
_encip
_f20
_gy-gencatlg
942 _2udc
_cBK
955 _ato ASCD pb24 11-16-00; jb00 12-04-00; jb01 (whole) 03-15-01; jb02 to Dewey 04-04-01; aa19 04-12-2001